Statistics for Dictionary Defintions #1

Click here to take the quiz!

General Stats

  • This quiz has been taken 25 times
  • The average score is 6 of 15

Answer Stats

DefinitionCategory of WordAnswer% Correct
A meal eaten in the morning, first of the day.nounBreakfast
88%
Of the colour between blue and yellow in the spectrum; coloured like grass or emeralds.adjectiveGreen
72%
Push oneself off a surface and into the air by using the muscles in one's legs and feet.verbJump
60%
Feeling or showing pleasure or contentment.adjectiveHappy
56%
An order to a bank to pay a stated sum from the drawer's account, written on a specially printed form.nounCheque
52%
The lowest load-bearing part of a building, typically below ground level.nounFoundation
52%
A band of colours, as seen in a rainbow, produced by separation of the components of light by their different degrees of refraction according to wavelength.nounSpectrum
44%
(of a material or article) allowing light to pass through so that objects behind can be distinctly seen.adjectiveTransparent
44%
A small printed piece of paper that entitles the holder to a discount, or that may be exchanged for goods or services.nounVoucher
44%
Strike (a person or an animal) repeatedly and violently so as to hurt or injure them, typically with an implement such as a club or whip.verbBeat
32%
An authoritarian and nationalistic right-wing system of government and social organization.nounFascism
20%
Showing willingness to allow the existence of opinions or behaviour that one does not necessarily agree with.adjectiveTolerant
12%
Drink (something, especially an alcoholic drink) heartilyverbQuaff
8%
Sturdy in construction.adjectiveRobust
8%
A pass of an examination or an official completion of a course, especially one conferring status as a recognized practitioner of a profession or activity.nounQualification
0%

Score Distribution

Percentile by Number Answered

Percent of People with Each Score

Your Score History

You have not taken this quiz